000 00561nam a2200193Ia 4500
001 64781
008 150303s9999 xx 000 0 und d
020 _aNA
040 _cPK-LaUMT
082 _a 152.47
_bALL-A
100 _aAllice, Albert
245 _aGhussah [anger, how to control your anger before it controls you]
_cAllice, Albert|Tarret, Raymund Chip|Tahir Mansoor Farooqi
260 _aLahore,Pakistan:
_bTakhleqaat,
_c2012
300 _a247 p.
546 _aUR
700 _aTarret, Raymund Chip
700 _aTahir Mansoor Farooqi
942 _cBK
999 _c66825
_d66825